[Event "FRA-chT Top 12"]
[Site "Chartres"]
[Date "2017.05.27"]
[Round "10.7"]
[White "Burri, Quentin"]
[Black "Blanche, Paul"]
[Result "1-0"]
[WhiteElo "2378"]
[BlackElo "2081"]
[PlyCount "77"]
[EventDate "2017.05.18"]
[EventType "team-tourn"]
[EventRounds "11"]
[EventCountry "FRA"]
[SourceTitle "CBM 178 Extra"]
[Source "ChessBase"]
[SourceDate "2017.06.22"]
[SourceVersion "1"]
[SourceVersionDate "2017.06.22"]
[SourceQuality "1"]
[WhiteTeam "Mulhouse Philidor"]
[BlackTeam "Lisieux"]
[WhiteTeamCountry "FRA"]
[BlackTeamCountry "FRA"]

1. e4 c5 2. Nf3 Nc6 3. Bb5 e6 4. 0-0 Nge7 5. Re1 a6 6. Bf1 g6 7. d3 Bg7 8. c3 d6 9. Nbd2 0-0 10. Nb3 e5 11. Be3 f5 12. Qc2 b6 13. Rad1 d5 14. exd5 Nxd5 15. Bc1 Bb7 16. a3 Rc8 17. Qb1 Kh8 18. Bd2 Re8 19. Ng5 Qd7 20. f3 h6 21. Nh3 Rcd8 22. Nf2 Qf7 23. Qc2 Rd7 24. Bc1 Red8 25. a4 a5 26. Nd2 Ba6 27. Nc4 Bxc4 28. dxc4 Nc7 29. Qb3 Rxd1 30. Rxd1 Rxd1 31. Nxd1 Na8 32. Ne3 e4 33. f4 Qb7 34. Nd5 Ne7 35. Be3 Nxd5 36. cxd5 Qc7 37. Qb5 Kh7 38. Qe8 Qb7 39. Bc4 1-0

[Event "Krakow op-A 22nd"]
[Site "Krakow"]
[Date "2012.01.02"]
[Round "6"]
[White "Blanche, Paul"]
[Black "Lach, Aleksandra"]
[Result "0-1"]
[WhiteElo "2125"]
[BlackElo "2160"]
[PlyCount "60"]
[EventDate "2011.12.27"]
[EventType "swiss"]
[EventRounds "9"]
[EventCountry "POL"]
[SourceTitle "CBM 146 Extra"]
[Source "ChessBase"]
[SourceDate "2012.02.29"]
[SourceVersion "1"]
[SourceVersionDate "2012.02.29"]
[SourceQuality "1"]

1. d4 f5 2. g3 Nf6 3. Bg2 g6 4. Nh3 Bg7 5. Nf4 Nc6 6. c4 e5 7. dxe5 Nxe5 8. Qc2 c6 9. 0-0 0-0 10. Rd1 Qe8 11. b3 g5 12. Nd3 Nfg4 13. Bb2 f4 14. h3 Nxd3 15. Rxd3 Ne5 16. Bxe5 Qxe5 17. Nc3 d5 18. cxd5 Bf5 19. Rc1 Bxd3 20. Qxd3 Rad8 21. g4 Kh8 22. Be4 Rd6 23. Qf3 Rfd8 24. dxc6 bxc6 25. Na4 Rd1+ 26. Rxd1 Rxd1+ 27. Kg2 Qa1 28. Bd3 Rh1 29. Qxc6 f3+ 30. Kg3 Rxh3+ 0-1

[Event "Krakow op-A 22nd"]
[Site "Krakow"]
[Date "2011.12.31"]
[Round "5"]
[White "Marczuk, Dominik"]
[Black "Blanche, Paul"]
[Result "1-0"]
[WhiteElo "1938"]
[BlackElo "2125"]
[PlyCount "71"]
[EventDate "2011.12.27"]
[EventType "swiss"]
[EventRounds "9"]
[EventCountry "POL"]
[SourceTitle "CBM 146 Extra"]
[Source "ChessBase"]
[SourceDate "2012.02.29"]
[SourceVersion "1"]
[SourceVersionDate "2012.02.29"]
[SourceQuality "1"]

1. e4 Nf6 2. e5 Nd5 3. d4 d6 4. Nf3 Bg4 5. Be2 c6 6. c4 Nb6 7. exd6 exd6 8. 0-0 Be7 9. Qc2 0-0 10. Nbd2 Re8 11. Bd3 g6 12. h3 Bxf3 13. Nxf3 Bf6 14. Bd2 N8d7 15. Bc3 Nf8 16. a4 d5 17. c5 Nbd7 18. b4 Ne6 19. g3 Bg7 20. Kg2 Ng5 21. Nxg5 Qxg5 22. f4 Qh5 23. Rae1 f5 24. b5 Nf6 25. bxc6 bxc6 26. Ba6 Rxe1 27. Rxe1 Rb8 28. Re6 Ne4 29. Be2 Qh6 30. Rxc6 Bf6 31. Ba5 Bxd4 32. Qa2 Qg7 33. Qxd5+ Kh8 34. Rc7 Qf6 35. Rf7 Rb2 36. Qa8+ 1-0

[Event "FRA-chT2 West 0809"]
[Site "France"]
[Date "2009.02.08"]
[Round "7.6"]
[White "Blanche, Paul"]
[Black "Ozenne, Corentin"]
[Result "1-0"]
[WhiteElo "2092"]
[BlackElo "2000"]
[PlyCount "97"]
[EventDate "2008.10.19"]
[EventType "tourn"]
[EventRounds "11"]
[EventCountry "FRA"]
[SourceTitle "EXT 2010"]
[Source "ChessBase"]
[SourceDate "2010.11.25"]
[SourceVersion "1"]
[SourceVersionDate "2010.11.25"]
[SourceQuality "1"]
[WhiteTeam "Lisieux"]
[BlackTeam "Agneaux Saint Lo"]
[WhiteTeamCountry "FRA"]
[BlackTeamCountry "FRA"]

1. d4 Nf6 2. c4 c5 3. d5 e6 4. Nc3 exd5 5. cxd5 d6 6. e4 g6 7. f4 Bg7 8. Nf3 0-0 9. Be2 Bg4 10. 0-0 Re8 11. h3 Bxf3 12. Bxf3 Na6 13. Re1 Nd7 14. Be3 Qa5 15. Rc1 Nc7 16. Qc2 Nb5 17. Nxb5 Qxb5 18. b3 Rac8 19. Bf2 Qb4 20. Bg4 Rcd8 21. a3 Qa5 22. Bh4 Bd4+ 23. Kh1 Bf6 24. Bg3 Bd4 25. a4 h5 26. Bf3 a6 27. e5 dxe5 28. f5 Nf8 29. fxg6 fxg6 30. Be4 Rd6 31. Bh4 b5 32. Rf1 Qb6 33. Rf3 bxa4 34. bxa4 Qb2 35. Qxb2 Bxb2 36. Rxc5 Nd7 37. Rc6 Rxc6 38. dxc6 Nf8 39. Bd5+ Kh8 40. Rb3 Bd4 41. Bf6+ Kh7 42. Rb7+ Kh6 43. h4 Be3 44. Bg7+ Kh7 45. Bxf8+ Kh8 46. Bg7+ Kh7 47. Bxe5+ Kh6 48. Bg7+ Kh7 49. Bd4+ 1-0

[Event "FRA-chT2 West 0809"]
[Site "France"]
[Date "2008.11.23"]
[Round "3.5"]
[White "Lemeaux, David"]
[Black "Blanche, Paul"]
[Result "1-0"]
[WhiteElo "2199"]
[BlackElo "2092"]
[PlyCount "87"]
[EventDate "2008.10.19"]
[EventType "tourn"]
[EventRounds "11"]
[EventCountry "FRA"]
[SourceTitle "EXT 2010"]
[Source "ChessBase"]
[SourceDate "2010.11.25"]
[SourceVersion "1"]
[SourceVersionDate "2010.11.25"]
[SourceQuality "1"]
[WhiteTeam "Echiquier Bordelais"]
[BlackTeam "Lisieux"]
[WhiteTeamCountry "FRA"]
[BlackTeamCountry "FRA"]

1. e4 c5 2. Nf3 Nc6 3. d4 cxd4 4. Nxd4 g6 5. c4 Bg7 6. Nc2 Nh6 7. Bd3 0-0 8. 0-0 d6 9. Nc3 Be6 10. Qe2 Ng4 11. Bd2 Nge5 12. b3 a5 13. Rad1 a4 14. Nxa4 Nxd3 15. Qxd3 Ne5 16. Qg3 Bxc4 17. Rfe1 Be6 18. Nb4 b5 19. Nc3 Qb6 20. Ncd5 Qb7 21. f4 Ng4 22. h3 Bd4+ 23. Be3 Nxe3 24. Rxd4 Bxd5 25. Qxe3 Be6 26. Re2 Rfc8 27. Kh2 Rc5 28. Rf2 Rac8 29. f5 gxf5 30. exf5 Bxf5 31. Qd2 Be6 32. Rh4 Kf8 33. Rxh7 Ke8 34. Rh4 Kd7 35. Rd4 Rg8 36. Nd3 Rcg5 37. Nf4 Qc6 38. Rd3 Qe4 39. Re3 Qb1 40. Qe2 Qa1 41. Rxe6 fxe6 42. Qxe6+ Kc6 43. Rc2+ Kb6 44. Qxe7 1-0

[Event "FRA-chT2 West 0809"]
[Site "France"]
[Date "2008.10.19"]
[Round "1.5"]
[White "Blanche, Paul"]
[Black "Cadiou, Jacques"]
[Result "1-0"]
[WhiteElo "2092"]
[BlackElo "2001"]
[PlyCount "49"]
[EventDate "2008.10.19"]
[EventType "tourn"]
[EventRounds "11"]
[EventCountry "FRA"]
[SourceTitle "EXT 2010"]
[Source "ChessBase"]
[SourceDate "2010.11.25"]
[SourceVersion "1"]
[SourceVersionDate "2010.11.25"]
[SourceQuality "1"]
[WhiteTeam "Lisieux"]
[BlackTeam "Quimper"]
[WhiteTeamCountry "FRA"]
[BlackTeamCountry "FRA"]

1. d4 Nf6 2. c4 e6 3. Nc3 Bb4 4. e3 c5 5. Bd3 0-0 6. Nge2 d5 7. 0-0 cxd4 8. exd4 dxc4 9. Bxc4 Nc6 10. Bg5 Be7 11. Rc1 b6 12. Qd3 Bb7 13. a3 e5 14. Bxf6 Bxf6 15. d5 e4 16. Nxe4 Ne5 17. Nxf6+ Qxf6 18. Qd4 Rfd8 19. f4 Nxc4 20. Qxf6 gxf6 21. Rxc4 Rxd5 22. Nc3 Rd2 23. Rf2 Rad8 24. Rc7 Ba8 25. Rxd2 1-0

[Event "FRA-chT2 West 0708"]
[Site "France"]
[Date "2008.02.10"]
[Round "7.6"]
[White "Theon, Pierre"]
[Black "Blanche, Paul"]
[Result "0-1"]
[WhiteElo "2127"]
[BlackElo "2168"]
[PlyCount "123"]
[EventDate "2007.10.21"]
[EventType "team-tourn"]
[EventRounds "11"]
[EventCountry "FRA"]
[SourceTitle "EXT 2009"]
[Source "ChessBase"]
[SourceDate "2008.11.26"]
[SourceVersion "1"]
[SourceVersionDate "2008.11.26"]
[SourceQuality "1"]
[WhiteTeam "Gonfreville II"]
[BlackTeam "Lisieux"]
[WhiteTeamCountry "FRA"]
[BlackTeamCountry "FRA"]

1. e4 c5 2. Nf3 Nc6 3. Nc3 g6 4. Bb5 Bg7 5. 0-0 Nd4 6. Ba4 a6 7. Nxd4 cxd4 8. Ne2 b5 9. Bb3 Bb7 10. d3 d5 11. f3 e5 12. Qe1 Ne7 13. Qh4 0-0 14. Bg5 f6 15. Bd2 Kh8 16. a4 Qd6 17. Qe1 dxe4 18. Bb4 Qc7 19. fxe4 f5 20. axb5 axb5 21. Rxa8 Bxa8 22. Qh4 Bf6 23. Qh6 Bg7 24. Qh4 Bf6 25. Qh6 Bg7 26. Qh3 Bb7 27. exf5 Rxf5 28. Ng3 Rxf1+ 29. Kxf1 Bc8 30. Qh4 Nf5 31. Nxf5 gxf5 32. Qh5 Qd8 33. Qf7 Bd7 34. Bd6 Qe8 35. Qd5 Bc6 36. Qe6 Qxe6 37. Bxe6 f4 38. Kf2 Bf6 39. Bg4 Kg7 40. Bf3 Bd7 41. Bd5 h6 42. Kf3 Kg6 43. Bb7 Kf5 44. Bb4 Bg5 45. Bd5 Bd8 46. c4 bxc4 47. dxc4 Ba4 48. Be4+ Ke6 49. Bf8 Bd1+ 50. Kf2 Bb3 51. c5 Bd5 52. Bh7 Bc6 53. Bxh6 Kd5 54. g4 Bh4+ 55. Kf1 f3 56. Bd3 e4 57. Ba6 e3 58. b4 Ke4 59. h3 d3 60. Bxe3 Kxe3 61. Bc4 d2 62. Bb3 0-1

[Event "Hennebont Grand Prix"]
[Site "Hennebont"]
[Date "2006.08.06"]
[Round "6"]
[White "Gourlaouen, Guillaume"]
[Black "Blanche, Paul"]
[Result "1-0"]
[WhiteElo "2013"]
[BlackElo "2075"]
[PlyCount "57"]
[EventDate "2006.08.05"]
[EventType "swiss"]
[EventRounds "7"]
[EventCountry "FRA"]
[SourceTitle "EXT 2007"]
[Source "ChessBase"]
[SourceDate "2006.11.23"]
[SourceVersion "1"]
[SourceVersionDate "2006.11.23"]
[SourceQuality "1"]

1. d4 d5 2. Nf3 Nf6 3. c4 e6 4. e3 Nbd7 5. Nbd2 b6 6. Bd3 Bd6 7. 0-0 Bb7 8. Re1 Ne4 9. b3 g5 10. Nf1 h5 11. N3d2 Qf6 12. f3 Nxd2 13. Bxd2 0-0-0 14. Qc2 g4 15. f4 Kb8 16. b4 dxc4 17. Bxc4 h4 18. a4 Rh5 19. Bc3 Qe7 20. Reb1 Nf6 21. a5 b5 22. a6 Ba8 23. Bd3 Nd5 24. Ra5 Nxb4 25. Bxb4 Bxb4 26. Rxb5+ Rxb5 27. Bxb5 Kc8 28. Bc6 Kb8 29. Bxa8 1-0

[Event "Hennebont Grand Prix"]
[Site "Hennebont"]
[Date "2006.08.06"]
[Round "4"]
[White "Le Goff, Damien"]
[Black "Blanche, Paul"]
[Result "1-0"]
[WhiteElo "2215"]
[BlackElo "2075"]
[PlyCount "49"]
[EventDate "2006.08.05"]
[EventType "swiss"]
[EventRounds "7"]
[EventCountry "FRA"]
[SourceTitle "EXT 2007"]
[Source "ChessBase"]
[SourceDate "2006.11.23"]
[SourceVersion "1"]
[SourceVersionDate "2006.11.23"]
[SourceQuality "1"]

1. e4 Nf6 2. Nc3 d5 3. exd5 Nxd5 4. Bc4 c6 5. Qf3 Nf6 6. h3 Nbd7 7. Bb3 Nc5 8. Nge2 Nxb3 9. axb3 e5 10. d3 Nd5 11. Nxd5 cxd5 12. Qe3 Bd6 13. d4 0-0 14. dxe5 Re8 15. Rxa7 Rxa7 16. Qxa7 Bxe5 17. 0-0 Bc7 18. Be3 Re4 19. Ng3 Re6 20. Qd4 Be5 21. Qd2 h5 22. Bd4 Bxd4 23. Qxd4 h4 24. Nf5 Rg6 25. Qxh4 1-0

[Event "Hennebont Grand Prix"]
[Site "Hennebont"]
[Date "2006.08.05"]
[Round "2"]
[White "Coursaget, Nicolas"]
[Black "Blanche, Paul"]
[Result "1/2-1/2"]
[WhiteElo "2331"]
[BlackElo "2075"]
[PlyCount "83"]
[EventDate "2006.08.05"]
[EventType "swiss"]
[EventRounds "7"]
[EventCountry "FRA"]
[SourceTitle "EXT 2007"]
[Source "ChessBase"]
[SourceDate "2006.11.23"]
[SourceVersion "1"]
[SourceVersionDate "2006.11.23"]
[SourceQuality "1"]

1. d4 d5 2. Nf3 Nf6 3. c4 e6 4. Nc3 Nbd7 5. e3 b6 6. cxd5 exd5 7. Bd3 Bb7 8. 0-0 Be7 9. a3 0-0 10. b4 c5 11. dxc5 bxc5 12. bxc5 Nxc5 13. Be2 Nfe4 14. Bb2 Qb6 15. Rb1 Rad8 16. Na4 Qc6 17. Nxc5 Bxc5 18. Qc2 Rfe8 19. Bxg7 Kxg7 20. Qb2+ d4 21. exd4 Bb6 22. Bb5 Qd5 23. Bxe8 Rxe8 24. Qb3 Qf5 25. Qd3 Re6 26. Rb5 Qf4 27. Rh5 Rg6 28. Rh4 Qf5 29. Re1 Nd6 30. Qxf5 Nxf5 31. Rf4 Bxf3 32. Rxf3 Nxd4 33. Rd3 Rc6 34. g3 Rc2 35. Kg2 Nf5 36. Rf3 Nd4 37. Rf4 Ne6 38. Rf3 Ra2 39. Re5 Bd4 40. Re4 a5 41. h4 a4 42. g4 1/2-1/2

[Event "FRA-ch op-A"]
[Site "Aix les Bains"]
[Date "2003.08.23"]
[Round "5"]
[White "Blanche, Paul"]
[Black "Marino, Olivier"]
[Result "1-0"]
[WhiteElo "2051"]
[BlackElo "2155"]
[PlyCount "53"]
[EventDate "2003.08.19"]
[EventType "swiss"]
[EventRounds "11"]
[EventCountry "FRA"]
[SourceTitle "EXT 2004"]
[Source "ChessBase"]
[SourceDate "2003.11.25"]
[SourceVersion "1"]
[SourceVersionDate "2003.11.25"]
[SourceQuality "1"]

1. d4 Nf6 2. c4 g6 3. Nc3 Bg7 4. e4 d6 5. f4 0-0 6. Nf3 c5 7. d5 b5 8. cxb5 a6 9. b6 Qxb6 10. Bc4 Qb4 11. Nd2 Ng4 12. a3 Qa5 13. Qf3 f5 14. e5 Ra7 15. h3 dxe5 16. Nb3 Qb6 17. hxg4 fxg4 18. Qg3 exf4 19. Bxf4 Bf5 20. d6+ e6 21. 0-0 Nd7 22. Rfe1 Re8 23. Nd5 Qb8 24. Nc7 Rf8 25. Nxe6 Bxe6 26. Rxe6 Kh8 27. Rxg6 1-0

[Event "FRA-ch U16"]
[Site "Hyeres"]
[Date "2002.??.??"]
[Round "1.2"]
[White "Blanche, Paul"]
[Black "Shoker, Samy"]
[Result "0-1"]
[WhiteElo "1980"]
[BlackElo "2233"]
[PlyCount "50"]
[EventDate "2002.04.05"]
[EventType "swiss"]
[EventRounds "9"]
[EventCountry "FRA"]
[SourceTitle "EXT 2003"]
[Source "ChessBase"]
[SourceDate "2002.11.25"]
[SourceVersion "1"]
[SourceVersionDate "2002.11.25"]
[SourceQuality "1"]

1. d4 Nf6 2. c4 g6 3. Nc3 Bg7 4. e4 d6 5. f4 0-0 6. Nf3 c5 7. d5 e6 8. Be2 a6 9. 0-0 exd5 10. cxd5 b5 11. e5 Ne8 12. Re1 Bb7 13. e6 fxe6 14. dxe6 Qe7 15. a4 b4 16. Nd5 Bxd5 17. Qxd5 Nc7 18. Qe4 d5 19. Qe3 Nc6 20. Kh1 Nd4 21. Bd3 Rae8 22. Ng5 Rf6 23. Qh3 h6 24. Nf3 Rxe6 25. Rg1 c4 0-1